| 000 | 02536nam a22004817a 4500 | ||
|---|---|---|---|
| 001 | 3074040 | ||
| 003 | OSt | ||
| 005 | 20210426122932.0 | ||
| 008 | 970609s1997 dcuab b f101 0 eng d | ||
| 010 | _a 97067217 | ||
| 020 | _a0309057345 | ||
| 035 | _a(OCoLC)37264049 | ||
| 040 |
_aSdB _cSdB _dDLC _beng |
||
| 041 | _aeng | ||
| 042 | _alccopycat | ||
| 043 | _ae-ur--- | ||
| 050 | 0 | 4 |
_aHB1437 _b.P73 1997 |
| 080 |
_a614 _bB-72 |
||
| 100 |
_9731 _aBobadilla, José. Luis |
||
| 245 | 0 | 0 |
_aPremature death in the new independent states / _cJosé Luis Bobadilla, Christine A. Costello, and Faith Mitchell, editors ; Committee on Population, Commission on Behavioral and Social Sciences and Education, National Research Council. _b/ by: National Academy Press |
| 260 |
_aWashington, D.C. _bNational Academy Press _c1997. |
||
| 300 |
_ax, 404 p. _bill., maps _c23 cm. |
||
| 500 | _a"The Workshop on Mortality and Disability in the New Independent States and the Workshop on Adult Health Priorities and Policies in the New Independent States were held September and November 1994, respectively ... volume includes an overview and revised versions of 13 of the papers"--P. vii. | ||
| 504 | _aIncludes bibliographical references and index. | ||
| 650 | 0 |
_aPremature death _zFormer Soviet republics _vCongresses. |
|
| 650 | 0 |
_aPublic Health _9337 |
|
| 650 | 0 |
_aMortality _zFormer Soviet republics _vCongresses. |
|
| 650 | 0 |
_aLife expectancy _zFormer Soviet republics _vCongresses. |
|
| 650 | 0 |
_aPreventive health services _zFormer Soviet republics _vCongresses. |
|
| 653 | _aსაზოგადოებრივი ჯანდაცვა | ||
| 653 | _aსიცოცხლის ხანგრძლივობა | ||
| 653 | _aსიკვდილიანობა | ||
| 653 | _aპრევენციული მედიცინის სერვისები | ||
| 700 | 1 | _aBobadilla, José Luis. | |
| 700 | 1 | _aCostello, Christine A. | |
| 700 | 1 |
_aMitchell, Faith, _d1952- |
|
| 710 | 2 |
_aNational Research Council (U.S.). _bCommittee on Population. |
|
| 711 | 2 |
_aWorkshop on Mortality and Disability in the New Independent States _d(1994 : _cWashington, D.C.) |
|
| 711 | 2 |
_aWorkshop on Adult Health Priorities and Policies in the New Independent States _d(1994 : _cWashington, D.C.) |
|
| 906 |
_a7 _bcbc _ccopycat _d2 _eopcn _f19 _gy-gencatlg |
||
| 942 |
_2udc _cBK |
||
| 999 |
_c1058 _d1058 |
||